<?xml version="1.0" encoding="UTF-8"?>
<record
    xmlns:xsi="http://www.w3.org/2001/XMLSchema-instance"
    xsi:schemaLocation="http://www.loc.gov/MARC21/slim http://www.loc.gov/standards/marcxml/schema/MARC21slim.xsd"
    xmlns="http://www.loc.gov/MARC21/slim">

  <leader>01444nam a2200277   4500</leader>
  <controlfield tag="003">KOHA_M&#x130;RAKIL</controlfield>
  <controlfield tag="005">20260414111924.0</controlfield>
  <controlfield tag="008">260414b        tu ||||| |||| 00| 0 tur d</controlfield>
  <datafield tag="040" ind1=" " ind2=" ">
    <subfield code="a">TR-AnABB</subfield>
    <subfield code="b">tur</subfield>
    <subfield code="c">TR-AnABB</subfield>
  </datafield>
  <datafield tag="041" ind1=" " ind2=" ">
    <subfield code="a">tur</subfield>
  </datafield>
  <datafield tag="082" ind1=" " ind2=" ">
    <subfield code="a">321.8</subfield>
    <subfield code="b">TUR 1996</subfield>
  </datafield>
  <datafield tag="100" ind1="1" ind2=" ">
    <subfield code="a">G&#xFC;rsel, Seyfettin</subfield>
  </datafield>
  <datafield tag="245" ind1="1" ind2="0">
    <subfield code="a">T&#xFC;rkiye'nin K&#xFC;rt sorunu /</subfield>
    <subfield code="c">Seyfettin G&#xFC;rsel, Koray D&#xFC;zg&#xF6;ren, Bask&#x131;n Oran, F&#xFC;sun &#xDC;stel, Cumhur Keskin, &#x15E;ahin Alpay</subfield>
  </datafield>
  <datafield tag="260" ind1=" " ind2=" ">
    <subfield code="a">&#x130;stanbul : </subfield>
    <subfield code="b">T&#xDC;SES,</subfield>
    <subfield code="c">1996</subfield>
  </datafield>
  <datafield tag="300" ind1=" " ind2=" ">
    <subfield code="a">164 sayfa ; </subfield>
    <subfield code="c">18 cm</subfield>
  </datafield>
  <datafield tag="500" ind1=" " ind2=" ">
    <subfield code="a">Kitap i&#xE7;erisinde Prof. Dr. Ru&#x15F;en Kele&#x15F;'in sat&#x131;r alt&#x131; &#xE7;izimleri ve vurgulamalar&#x131; mevcuttur.</subfield>
  </datafield>
  <datafield tag="505" ind1=" " ind2=" ">
    <subfield code="a">&#x130;&#xE7;indekiler: Sorunun tan&#x131;m&#x131; ve ger&#xE7;ekler / Koray D&#xFC;zg&#xF6;ren - Teoride Milliyet&#xE7;ilik / Bask&#x131;n Oran - T&#xFC;rk Milliyet&#xE7;ili&#x11F;i ya da Vatanda&#x15F;l&#x131;&#x11F;&#x131;n k&#xFC;lt&#xFC;rel boyutu / F&#xFC;sun &#xDC;stel - K&#xFC;rt Milliyet&#xE7;ili&#x11F;i: Do&#x11F;u ve Geli&#x15F;mesi / Bask&#x131;n Oran - T&#xFC;rkiye'nin K&#xFC;rt Politikas&#x131; ve Resmi ideoloji /Cumhur Keskin - Kuzey Irak K&#xFC;rt Y&#xF6;netimi / Koray D&#xFC;zg&#xF6;ren - &#xC7;o&#x11F;unluk&#xE7;u Demokrasilerin az&#x131;n&#x131;k e&#x15F;i&#x11F;i: Bat&#x131; Deneyimleri F&#xFC;sun &#xDC;stel - K&#xFC;rt sorunu nas&#x131;l a&#x15F;&#x131;labilir? / &#x15E;ahin Alpay </subfield>
  </datafield>
  <datafield tag="650" ind1="0" ind2="4">
    <subfield code="a">Demokrasi, Tarih ve Kuram</subfield>
  </datafield>
  <datafield tag="650" ind1="0" ind2="4">
    <subfield code="a">K&#xFC;rt sorunu, T&#xFC;rkiye</subfield>
  </datafield>
  <datafield tag="700" ind1="1" ind2=" ">
    <subfield code="a">D&#xFC;zg&#xF6;ren, Koray</subfield>
    <subfield code="9">3426</subfield>
  </datafield>
  <datafield tag="700" ind1="1" ind2=" ">
    <subfield code="a">Oran, Bask&#x131;n</subfield>
    <subfield code="9">3427</subfield>
  </datafield>
  <datafield tag="700" ind1="1" ind2=" ">
    <subfield code="a">&#xDC;stel, F&#xFC;sun</subfield>
    <subfield code="9">3428</subfield>
  </datafield>
  <datafield tag="700" ind1="1" ind2=" ">
    <subfield code="a">Keskin, Cumhur</subfield>
    <subfield code="9">3429</subfield>
  </datafield>
  <datafield tag="700" ind1="1" ind2=" ">
    <subfield code="a">Alpay, &#x15E;ahin</subfield>
    <subfield code="9">3430</subfield>
  </datafield>
  <datafield tag="942" ind1=" " ind2=" ">
    <subfield code="2">ddc</subfield>
    <subfield code="c">BK</subfield>
  </datafield>
  <datafield tag="952" ind1=" " ind2=" ">
    <subfield code="0">0</subfield>
    <subfield code="1">0</subfield>
    <subfield code="2">ddc</subfield>
    <subfield code="7">0</subfield>
    <subfield code="a">RUK</subfield>
    <subfield code="b">RUK</subfield>
    <subfield code="d">2026-04-14</subfield>
    <subfield code="l">0</subfield>
    <subfield code="o">321.8 TUR 1996</subfield>
    <subfield code="p">RK7073</subfield>
    <subfield code="r">2026-04-14 11:19:31</subfield>
    <subfield code="w">2026-04-14</subfield>
    <subfield code="y">BK</subfield>
  </datafield>
  <datafield tag="999" ind1=" " ind2=" ">
    <subfield code="c">10233</subfield>
    <subfield code="d">10233</subfield>
  </datafield>
  <datafield tag="900" ind1=" " ind2=" ">
    <subfield code="b">Can &#xC7;ELIK</subfield>
  </datafield>
</record>
